000
00327nam a2200145Ia 4500
008
100122s9999 xx 000 0 und d
082
_b
51426
_a
823
100
_a
BOLAN MACK
245
_a
TROPIC HEAT
260
_b
GOLD EAGLE BOOK
_c
1988
300
_a
380
630
_a
TROPIC HEAT
730
_a
TROPIC HEAT
942
_c
BOOK
999
_c
375716
_d
375713